|
|
|
|
| LEADER |
01703nam a22003617a 4500 |
| 001 |
44631 |
| 003 |
BD-DhAAL |
| 005 |
20250825152624.0 |
| 008 |
250825r19911973enk b 001 0 eng d |
| 020 |
|
|
|a 9780140137910
|
| 020 |
|
|
|a 0140137912
|
| 040 |
|
|
|a BD-DhAAL
|c BD-DhAAL
|
| 041 |
1 |
|
|a eng
|a ger
|
| 082 |
0 |
0 |
|a 150.1952
|
| 100 |
1 |
|
|a Freud, Sigmund,
|d 1856-1939.
|
| 240 |
1 |
0 |
|a Vorlesungen zur Einführung in die Psychoanalyse.
|l English
|
| 245 |
1 |
0 |
|a Introductory lectures on psychoanalysis /
|c Sigmund Freud ; translated and edited by James Strachey ; edited by Angela Richards.
|
| 260 |
|
|
|a London :
|b Penguin Books,
|c 1973 [reprinted 1991].
|
| 300 |
|
|
|a 557 pages ;
|c 18 cm
|
| 490 |
|
|
|a Penguin Freud library ;
|v v. 1
|
| 500 |
|
|
|a Translation of Vorlesungen zur Einführung in die Psychoanalyse.
|
| 500 |
|
|
|a "A Liveright book."
|
| 504 |
|
|
|a Includes bibliographical references (pages [519]-527) and index.
|
| 541 |
|
|
|a Donated by Farhana Zahir, Assistant Professor, BRAC Business School, BRAC University
|e 44631
|
| 650 |
|
0 |
|a Psychoanalysis.
|
| 650 |
|
0 |
|a Psychology.
|
| 700 |
1 |
|
|a Strachey, James,
|e translator and editor.
|9 59145
|
| 700 |
1 |
|
|a Richards, Angela,
|e editor.
|9 59146
|
| 830 |
|
|
|a Penguin Freud library ;
|v v. 1
|9 59147
|
| 852 |
|
|
|a Ayesha Abed Library
|c General Stacks
|
| 942 |
|
|
|2 ddc
|c BK
|
| 999 |
|
|
|c 47405
|d 47405
|
| 952 |
|
|
|0 0
|1 0
|2 ddc
|4 0
|6 150_195200000000000_FRE
|7 0
|9 78036
|a BRACUL
|b BRACUL
|c NEW
|d 2025-08-25
|e Donated by Farhana Zahir, Assistant Professor, BRAC Business School, BRAC University
|l 1
|m 26
|o 150.1952 FRE
|p 3010044631
|q 2026-05-21
|r 2025-10-20
|s 2025-10-20
|t 1
|w 2025-08-25
|y BK
|x Donated by Farhana Zahir, Assistant Professor, BRAC Business School, BRAC University ; £11.99
|